000 01243cam a22003377a 4500
003 CHAP
005 20220329141031.0
008 971013s1992 r 00010 d
010 _a61585
011 _a62557
035 _a66731
040 _cCHAP
090 _aFolleto 14725
100 0 0 _aSantiago Cruz, María de Jesús.
_9102324
245 1 3 _aLa producción y exportación de rosa como una alternativa para incrementar los ingresos de los productores rurales
260 _aMontecillo, Méx. :
_bColegio de Postgraduados,
_c1992
300 _a5 h.
500 _aAntepropuestas para presentarse ante la Organización de las Naciones Unidas para la Agricultura y la Alimentación
590 _aBATCH-UPD
_b10
_c20130110
_lUCH01
_h0228
590 _aBATCH-UPD
_b10
_c20130110
_lUCH01
_h1644
590 _aBATCH-UPD
_b10
_c20130409
_lUCH01
_h2251
590 _aBATCH-UPD
_b10
_c20130410
_lUCH01
_h1257
590 _aBATCH-UPD
_b10
_c20130914
_lUCH01
_h2009
590 _aCONVERSION
_b10
_c20130109
_lUCH01
_h1333
650 1 4 _aRosas
_xCostos de producción.
_999964
650 1 4 _aRosas
_xExportación.
_999970
650 1 4 _aRosas
_xMercadeo.
_999978
901 _aBK
942 _cFOLL
949 _aFolleto 14725
_bBC
_cUACH
_d-151953
_eUACH
_i66731
_si
999 _c61585
_d61585